| 000 | 00905nam a22002777a 4500 | ||
|---|---|---|---|
| 001 | BR8903970 | ||
| 003 | BR-BrBNA | ||
| 005 | 20230928093258.0 | ||
| 007 | ta | ||
| 008 | 230509b bl.||||| |||| 00| 0 por d | ||
| 040 |
_aBR-BrBNA _bpor _cBiblioteca Nacional de Agricultura |
||
| 041 | _a(Por) | ||
| 072 | _aL50; L73 | ||
| 090 | _ L50 BR8903970 | ||
| 100 | 1 | _aLine, S.R.P. | |
| 110 | 1 |
_aUniversidade de Sao Paulo, Sao Paulo (Brasil). Faculdade de Medicina Veterinaria e Zootecnia _0Dissertacao (Doutor) |
|
| 245 | 1 | _aDiversidade da expressao dos componentes da matriz extracelular do adenoma pleomorfico da parotida | |
| 260 | 3 |
_aSao Paulo, SP (Brasil): _c1989. |
|
| 300 | _a66 p. | ||
| 500 | _a15 illus.; Summaries (Eng, Por); Bibliography p. 57-66 (67 ref.) | ||
| 650 | _aGLANDULA SALIVAR | ||
| 650 | _aPAROTIDA | ||
| 650 | _aTUMOR | ||
| 909 |
_a202309 _bLucia _c55 _dLucia Elande |
||
| 942 | _cBK | ||
| 999 |
_c44045 _d44045 |
||